=LDR 00000nam 2200000 4500 =001 INLIS000000000022448 =005 20130612121214 =008 ***********************************Ind** =035 ##$$a0010-061300000022448 =041 ##$$a Ind =090 ##$$a 2X3.6, Jau q =100 ##$$a Al-Jauziah Ibnu Qayyim =245 ##$$a Qadha dan Qadar, Ulasan tuntas masalah takdir, Ibnu Qayyim Al-Jauziyah =260 ##$$a 200 $b Jakarta =300 ##$$a 696 hlm, 25 cm =650 ##$$a Qadha dan Qadar =850 ##$$a NBPNMAT =990 ##$$a 21400613/BPAP-NTB/20142014